Board Games by Picture - Statistics

General Stats
  • This quiz has been taken 3,818 times
  • The average score is 11 of 16
Answer Stats
Picture Answer % Correct
Monopoly
98%
Chess
96%
Scrabble
90%
Draughts / Checkers
87%
Twister
86%
Jenga
85%
Battleship
79%
Snakes and Ladders
77%
Connect 4
76%
Guess Who?
73%
Risk
68%
Backgammon
63%
GO
32%
Master Mind
28%
Pandemic
18%
Qwirkle
8%
No matching quizzes found
Score Distribution
Percent of People with Each Score
Percentile by Number Answered
Your Score History
You have not taken this quiz